000 nam a22 7a 4500
999 _c126362
_d126362
008 170407b xxu||||| |||| 00| 0 eng d
050 _aQH351.G735
100 _aGrene, Marjorie
_915072
245 _aApproaches to a philosophical biology
_cMarjorie, Grene
260 _aNew York
_bBasic book
_c1965
300 _avii, 295p.;
_c21cm.
650 _aBiology
_xPhilosophy
_914175
942 _2lcc
_cMONOGRAPH